000 00430nam a2200181Ia 4500
001 13627
005 20260306164815.0
008 260306t1993||||xx |||||||||||||| ||spa||
041 _aESP
082 _a005.1
_bM12
100 _aMcClure, Carma
_eAUT
245 0 _aCase:
_bla automatización del software
260 _c1993
300 _a381 páginas :
_c23 cm.
650 _aGEN
654 _aCCC
942 _cLIB
_dJUS
_fJUS
_2ddc
_n
999 _c13627
_d13627